000 00569nam a2200181Ia 4500
008 151202s9999||||xx |||||||||||||| ||und||
082 _bPNVM-58355
100 _aयादव राजेंद्र.
245 _aसारे आकाश.
260 _b"सुपर्ण प्रकाशन, पुणे."
260 _c1985
300 _a190
600 _aयादव राजेंद्र.
630 _aसारे आकाश.
700 _aयादव राजेंद्र.
730 _aसारे आकाश.
942 _cBOOK
999 _c1324890
_d1324887